<?xml version="1.0" encoding="UTF-8"?><?xml-stylesheet type="text/xsl" href="static/style.xsl"?><OAI-PMH xmlns="http://www.openarchives.org/OAI/2.0/" xmlns:xsi="http://www.w3.org/2001/XMLSchema-instance" xsi:schemaLocation="http://www.openarchives.org/OAI/2.0/ http://www.openarchives.org/OAI/2.0/OAI-PMH.xsd"><responseDate>2026-06-05T15:56:11Z</responseDate><request verb="GetRecord" identifier="oai:riuma.uma.es:10630/28024" metadataPrefix="marc">https://riuma.uma.es/rest/oai/request</request><GetRecord><record><header><identifier>oai:riuma.uma.es:10630/28024</identifier><datestamp>2026-02-03T11:56:29Z</datestamp><setSpec>com_10630_2254</setSpec><setSpec>col_10630_37959</setSpec></header><metadata><record xmlns="http://www.loc.gov/MARC21/slim" xmlns:dcterms="http://purl.org/dc/terms/" xmlns:doc="http://www.lyncode.com/xoai" xmlns:xsi="http://www.w3.org/2001/XMLSchema-instance" xsi:schemaLocation="http://www.loc.gov/MARC21/slim http://www.loc.gov/standards/marcxml/schema/MARC21slim.xsd">
   <leader>00925njm 22002777a 4500</leader>
   <datafield ind2=" " ind1=" " tag="042">
      <subfield code="a">dc</subfield>
   </datafield>
   <datafield ind2=" " ind1=" " tag="720">
      <subfield code="a">Ruiz-Mora, Ana Belén</subfield>
      <subfield code="e">author</subfield>
   </datafield>
   <datafield ind2=" " ind1=" " tag="720">
      <subfield code="a">Ruiz-de-la-Rúa, Francisco</subfield>
      <subfield code="e">author</subfield>
   </datafield>
   <datafield ind2=" " ind1=" " tag="720">
      <subfield code="a">Afsar, Bekir</subfield>
      <subfield code="e">author</subfield>
   </datafield>
   <datafield ind2=" " ind1=" " tag="720">
      <subfield code="a">Silvennoinen, Johanna</subfield>
      <subfield code="e">author</subfield>
   </datafield>
   <datafield ind2=" " ind1=" " tag="720">
      <subfield code="a">Miettinen, Kaisa</subfield>
      <subfield code="e">author</subfield>
   </datafield>
   <datafield ind2=" " ind1=" " tag="260">
      <subfield code="c">2023</subfield>
   </datafield>
   <datafield ind2=" " ind1=" " tag="520">
      <subfield code="a">Para aplicar métodos interactivos de optimización multiobjetivo, es necesario interactuar con un decisor que exprese sus preferencias. Debido al papel activo del decisor en el proceso de resolución, comparar el funcionamiento práctico de distintos métodos interactivos no es algo fácil. Una buena comparativa debería poder analizar no sólo los aspectos computacionales de&#xd;
los métodos interactivos, sino también aspectos propios de la interacción humana. En este trabajo, proponemos un diseño experimental para comparar métodos interactivos de optimización multiobjetivo con decisores humanos. Utilizando un cuestionario novedoso, medimos la carga cognitiva de los decisores, su satisfacción con el proceso de resolución y con la solución final, y comparamos la capacidad de los métodos para reflejar las preferencias y su capacidad de respuesta a los cambios en las preferencias. Nuestro diseño experimental nos ha permitido comparar distintos métodos interactivos y llegar a ciertas conclusiones.</subfield>
   </datafield>
   <datafield ind1="8" ind2=" " tag="024">
      <subfield code="a">https://hdl.handle.net/10630/28024</subfield>
   </datafield>
   <datafield tag="653" ind2=" " ind1=" ">
      <subfield code="a">Optimización matemática - Factores humanos</subfield>
   </datafield>
   <datafield ind2="0" ind1="0" tag="245">
      <subfield code="a">Comparando métodos interactivos de optimización multiobjetivo con decisores humanos: Análisis empírico y conclusiones.</subfield>
   </datafield>
</record>
</metadata></record></GetRecord></OAI-PMH>